000
00246nam a2200109Ia 4500
008
220204s9999 xx 000 0 und d
082
_a
82-3
_b
STE
100
_a
Stein, Benjamin
245
0
_a
On the brink
700
_a
Stein, Herbert
942
_c
BK
999
_c
34014
_d
34014